A nagycétényi templom

Bibliographic Details
Main Author: Motesiky, Árpád, 1941-2021 (Author)
Format: Article
Language:Hungarian
PhysicalDescription:Fotogr. 1
Subjects:

MARC

LEADER 00000nab a2200000 a 4500
001 vtls000494727
003 SK-MaSNL
005 20260318132547.0
008 120927c1993 xo 0 hun
015 |a SNBRB19rr/mm-uuuuu 
035 |a CL0494865 
040 |a SNKBUCL  |b slo  |c SNKBUCL  |e AACR2 
041 0 |a hun 
044 |a xo  |c SK 
080 |a 904:726.54  |2 1981 
080 |a 726.54  |2 1981 
100 1 |a Motesiky, Árpád,  |d 1941-2021  |4 aut  |9 98921 
245 1 0 |a A nagycétényi templom  |c Árpád Motesiky 
300 |b Fotogr. 1 
650 0 7 |a kostoly  |2 snkbucl  |9 3023 
651 7 |a 5206  |2 snkbucl  |9 283253 
651 7 |a Veľký Cetín (Slovensko)  |2 snkbucl  |9 75052 
655 7 |a články z novín a časopisov  |2 snkbucl  |9 267496 
773 0 |t Vasárnap  |g Roč. 26, č. 31 (1993), s. 10 
850 |a Slovenská národná knižnica v Martine  |a DSG001 
852 |a SNK  |b KIS3GCP 
958 |a RK 
992 |a RBX 
999 |c 2134046  |d 2135976